1688 1215 1830 1362 1378 1445 1046 1377 1092 1277 1644 1498 1882 1151 1943 1554 1577 1603 1236 1873 1298 1789 1134 1596 1176 1605 1306 1830 1162 1849 1451 1737 1172 1435 1305 1024 1626 1949 1981 1987 1418 1978 1695 1913 1789 1963 1164 1267 1039 1747 1009 1948 1585 1396 1441 1722 1975 1584 1507 1526 1258 1536 1188 1760 1506 1571 1278 1151 1416 1428 1931 1717 1850 1573 1797 1652 1587 1477 1992 1001 1744 1012 1092 1885 1711 1365 1462 1546 1382 1668 1216 1234 1508 1577 1949 1996 1151 1715 1171 BCNSPRNW ULIB Ver.6.0+V

เปลี่ยนเป็นภาษาไทย

Change to English
 แสดงรายละเอียดบรรณานุกรม
  กลับหน้าหลัก

Brief Record : Get Marc (ISO 2709) : E-mail record : QR code < ปิดหน้าต่าง
LEADER : 00000nam 2200000uu 4500
001    13399111789
003     ULIB
008    110214s2545||||th 000 0 tha d
020    9746131737(ล.2)
060  4 WY154^bส627ก ล.2 2545
110 1  มหาวิทยาลัยสุโขทัยธรรมาธิราช^bสาขาวิชาวิทยาศาสตร์สุขภาพ
245 00 เอกสารการสอนชุดวิชากรณีเลือกสรรการพยาบาลฉุกเฉินและวิกฤต หน่วยที่9-15=^bSelected case study on emergency and critical nursing/^cพรจันทร์ สุวรรณชาตและคณะ
246 31 Selected case study on emergency and critical nursing
250    พิมพ์ครั้งที่ 15
260    นนทบุรี:^bศูนย์หนังสือมหาวิทยาลัยสุโขทัยธรรมาธิราช,^c2545
300    588 หน้า
650  7 การพยาบาลฉุกเฉิน
650  7 ปฐมพยาบาล
700 0  พาณี สีตกะลิน,^eบรรณาธิการ
710 2  มหาวิทยาลัยสุโขทัยธรรมาธิราช^bสาขาวิชาวิทยาศาสตร์สุขภาพ
945    ^p264^l0^i022719
945    ^p264^l0^i022720
945    ^p264^l0^i022721
945    ^p264^l0^i022911
945    ^p264^l0^i030303
945    ^p264^l0^i030304
945    ^p264^l0^i030305
945    ^p264^l0^i030306
945    ^p264^l0^i030307
995    ทศพร
999 ^a ใช้งานได้ทุกระบบ
รายการนี้ยังไม่มีแท็ก
คุณยังไม่ได้ล็อกอิน คุณสามารถมีกิจกรรมร่วมกับเว็บไซต์ได้ แต่ต้องล็อกอินก่อน ::
  ล็อกอิน

รายการสื่อสารสนเทศ

ลำดับที่ ประเภท เลขเรียก/บาร์โค้ด สถานที่ สถานะ
- ไม่พบข้อมูล -

รายการใกล้เคียง
    หัวเรื่อง [การพยาบาลฉุกเฉิน]
    หัวเรื่อง [ปฐมพยาบาล]

BibComment


ยังไม่เคยถูกคอมเมนท์

คอมเมนท์ทรัพยากรรายการนี้
  คอมเมนท์: เอกสารการสอนชุดวิ..


 Copyright 2026. Bcnsprnw @Library